Case Study Houses : 1945-1966 : el impulso californiano /

Colección monográfica que en cada uno de sus volúmenes hace un abordaje panorámico de la trayectoría de grandes protagonistas de la arquitectura, aunque incluye también títulos centrados en alguna temática de género o estilo.

Guardat en:
Dades bibliogràfiques
Autor principal: Smith, Elizabeth A.T (autor)
Format: Llibre
Idioma:espanyol
Publicat: Colonia, Alemania : Taschen, 2017, c2017
Col·lecció:(Basic Arquitectura Taschen)
(Basic Art 2.0)
Matèries:
Etiquetes: Afegir etiqueta
Sense etiquetes, Sigues el primer a etiquetar aquest registre!

MARC

LEADER 00000nam^a2200000^a^4500
001 000408421
005 20250521000000.0
009 20260310121951.835
020 |a 978-3-8365-7082-4 
037 |a Acervo ITESO - Biblioteca 
041 |a ESP 
082 |a 720. 9  |b BAS V. 18 
100 |a Smith, Elizabeth A.T.  |e (autor) 
245 1 0 |a Case Study Houses :  |b 1945-1966 : el impulso californiano /  |c E.A.T. Smith ; tr. por Diana Lagier de Milani. 
246 2 |a Título en la cubierta: Case Study Houses 
264 4 |a Colonia, Alemania :  |b Taschen,  |c 2017, c2017 
300 |a 96 p. :  |b pasta dura 
336 |a texto  |b txt  |2 rdacontenido 
337 |a sin mediación  |b n  |2 rdamedio 
338 |a volumen  |b nc  |2 rdasoporte 
440 1 |a (Basic Arquitectura Taschen) 
440 1 |a (Basic Art 2.0) 
520 |a Colección monográfica que en cada uno de sus volúmenes hace un abordaje panorámico de la trayectoría de grandes protagonistas de la arquitectura, aunque incluye también títulos centrados en alguna temática de género o estilo. 
649 |a XX 
650 |a Arquitectos Ingleses 
650 |a Artistas Ingleses 
650 |a Residencias -  |z California, EUA -  |x Tema Principal 
650 |a Residencias -  |z EUA 
650 |a Vivienda -  |z California, EUA -  |x Historia -  |y Siglo XX 
650 |a Vivienda -  |z EUA -  |x Historia -  |y Siglo XX 
650 |a Arquitectura Moderna -  |x Historia y Crítica 
650 |a Arquitectura Norteamericana -  |x Historia y Crítica 
650 |a Arquitectura Norteamericana -  |y Siglo XX 
650 |a Arte Moderno -  |x Historia y Crítica 
650 |a Arte Norteamericano -  |x Historia y Crítica 
650 |a Arte Norteamericano -  |y Siglo XXI 
910 |a Fondo General 
920 |a Impresos - Libros 
930 |a Reserva Especial 
905 |a 103 
901 |a 0500316229  |b IT1  |c REE  |i C160965  |u 20250521 
902 |a https://opac.biblio.iteso.mx/vufind/Record/000408421